Top 30 cyclists in the past five years - Statistics

General Stats
  • This quiz has been taken 131 times
  • The average score is 18 of 30
Answer Stats
Rank Answer Country 2022 Team % Correct
1 Primoz Roglic Slovenia Jumbo-Visma
99%
2 Julian Alaphilippe France Quick-Step Alpha Vinyl Team
97%
5 Tadej Pogacar Slovenia UAE Team Emirates
96%
7 Wout van Aert Belgium Jumbo-Visma
92%
3 Alejandro Valverde Spain Movistar Team
88%
9 Egan Bernal Colombia INEOS Grenadiers
88%
6 Peter Sagan Slovakia TotalEnergies
88%
15 Mathieu van der Poel Netherlands Alpecin-Fenix
81%
20 Nairo Quintana Colombia Team Arkéa Samsic
69%
8 Alexander Kristoff Norway Intermarché-Wanty-Gobert Matériaux
66%
30 Thibaut Pinot France Groupama-FDJ
65%
27 Geraint Thomas United Kingdom INEOS Grenadiers
60%
4 Greg van Avermaet Belgium AG2R Citroën Team
60%
17 Simon Yates United Kingdom Team BikeExchange-Jayco
60%
12 Michael Matthews Australia Team BikeExchange-Jayco
59%
23 Michal Kwiatkowski Poland INEOS Grenadiers
59%
26 Vincenzo Nibali Italy Astana Qazaqstan Team
57%
16 Bauke Mollema Netherlands Trek-Segafredo
50%
10 Jakob Fuglsang Denmark Israel-Premier Tech
50%
18 Arnaud Démare France Groupama-FDJ
47%
11 Elia Viviani Italy INEOS Grenadiers
46%
19 Tom Dumoulin Netherlands Jumbo-Visma
37%
22 Adam Yates United Kingdom INEOS Grenadiers
36%
21 Jasper Stuyven Belgium Trek-Segafredo
35%
25 Richie Porte Australia INEOS Grenadiers
35%
24 Sonny Colbrelli Italy Bahrain-Victorious
30%
13 Diego Ulissi Italy UAE Team Emirates
27%
28 Matteo Trentin Italy UAE Team Emirates
27%
14 Tim Wellens Belgium Lotto Soudal
27%
29 Pascal Ackermann Germany UAE Team Emirates
25%
No matching quizzes found
Score Distribution
Percent of People with Each Score
Percentile by Number Answered
Your Score History
You have not taken this quiz